Normal view
MARC view
- Ahmed, Farhan
Entry Personal Name
001 - CONTROL NUMBER
- control field: 31425
003 - CONTROL NUMBER IDENTIFIER
- control field: NUST
005 - DATE AND TIME OF LATEST TRANSACTION
- control field: 20201013112935.0
008 - FIXED-LENGTH DATA ELEMENTS
- fixed length control field: 201013|| aca||aabn | a|a d
040 ## - CATALOGING SOURCE
- Original cataloging agency: NUST
- Transcribing agency: NUST
100 ## - HEADING--PERSONAL NAME
- Personal name: Ahmed, Farhan
670 ## - SOURCE DATA FOUND
- Source citation: Work cat.: (NUST): Ahmed, Farhan, Friction Compensation based Tracking Control of a Single Link Robotics Manipulator /, 2013.
